000 00907nam a2200265Ia 4500
003 OSt
005 20221005104607.0
006 a|||||r|||| 00| 0
007 ta
008 221004b |||||||| |||| 00| 0 hin d
020 _c30
024 _a97997
037 _b576, 23/03/2009, Vani Prakashan
_cTextual
040 _aCRL
_cCRL
_bhin
041 _2hin
_ahin
082 _aO152,3N31,KA, N5
100 _aभण्डारी, मन्नू
245 0 _aकलवा
246 _aKalavā
260 _aदिल्ली
_bराधाकृष्ण प्रकाशन प्राइवेट लिमिटेड भारत
_c1995
300 _a44पृ0
_ccm.
650 _aहिन्दी साहित्य
942 _hO152,3N31,KA, N5
_cTEXL
_2cc
999 _c1013195
_d1013195